| 000 | 01143nam a2200217Ia 4500 | ||
|---|---|---|---|
| 003 | OSt | ||
| 005 | 20210910140623.0 | ||
| 008 | 210310s1986 ck fr 000 0 spa d | ||
| 040 |
_aCO-JMCR _cCO-JMCR |
||
| 041 | 0 | _aspa | |
| 082 | 0 | 4 |
_a339.2861 / _bD419m _223 |
| 110 | 2 |
_aColombia. _bDepartamento Administrativo Nacional de Estadística DANE _910536 |
|
| 245 | 1 | 0 |
_aMetodología de las cuentas nacionales de Colombia / _cDepartamento Administrativo Nacional de Estadística DANE |
| 260 |
_aBogotá : _bDANE, _c1986 |
||
| 300 |
_a291 páginas ; _c23 cm. |
||
| 490 | 0 |
_aColección documentos ; _v3 |
|
| 500 | _aIncluye notas a pie de página. | ||
| 505 | 0 | _aIntroducción general al sistema de Cuentas Nacionales -- Cuentas de ingresos y gastos y financiamiento de capital -- Cuentas de producción y de bienes y servicios -- Cuentas de las sociedades y cuasisociedades no financieras y de la instituciones financieras -- Cuentas de las administraciones públicas -- Fuentes y métodos de estimación para las cuentas de producción y de bienes y servicios | |
| 650 | 1 | 4 |
_aCuentas nacionales _917565 _xEstadísticas _zColombia |
| 942 |
_2ddc _cBK |
||
| 999 |
_c8538 _d8538 |
||